<?xml version="1.0" encoding="UTF-8"?>
<record
    xmlns:xsi="http://www.w3.org/2001/XMLSchema-instance"
    xsi:schemaLocation="http://www.loc.gov/MARC21/slim http://www.loc.gov/standards/marcxml/schema/MARC21slim.xsd"
    xmlns="http://www.loc.gov/MARC21/slim">

  <leader>00640nam a2200205 a 4500</leader>
  <controlfield tag="001">BRCA_2918</controlfield>
  <controlfield tag="005">20190320204029.0</controlfield>
  <controlfield tag="008">121208s1935----mx-#---###---#000-0#spa-u</controlfield>
  <datafield tag="050" ind1=" " ind2="4">
    <subfield code="a">F1233.5</subfield>
    <subfield code="b">.P75 1935</subfield>
  </datafield>
  <datafield tag="100" ind1="1" ind2=" ">
    <subfield code="a">Prida Santacilia, Ramon</subfield>
    <subfield code="d">1862-1937</subfield>
    <subfield code="9">8123</subfield>
  </datafield>
  <datafield tag="245" ind1="1" ind2="0">
    <subfield code="a">Conferencias de car&#xE1;cter hist&#xF3;rico sustentadas por el licenciado Ramon Prida</subfield>
    <subfield code="c">Ramon Prida.</subfield>
  </datafield>
  <datafield tag="260" ind1=" " ind2=" ">
    <subfield code="a">M&#xE9;xico</subfield>
    <subfield code="b">Sociedad Mexicana de Geograf&#xED;a y Estad&#xED;stica</subfield>
    <subfield code="c">1935</subfield>
  </datafield>
  <datafield tag="300" ind1=" " ind2=" ">
    <subfield code="a">103 p.</subfield>
    <subfield code="c">23 cm.</subfield>
  </datafield>
  <datafield tag="500" ind1=" " ind2=" ">
    <subfield code="a">B50</subfield>
  </datafield>
  <datafield tag="600" ind1="1" ind2="4">
    <subfield code="a">Ju&#xE1;rez, Benito</subfield>
    <subfield code="d">1806-1872</subfield>
    <subfield code="9">4845</subfield>
  </datafield>
  <datafield tag="650" ind1="1" ind2="4">
    <subfield code="a">Historia</subfield>
    <subfield code="9">8124</subfield>
  </datafield>
  <datafield tag="651" ind1=" " ind2="4">
    <subfield code="a">M&#xE9;xico</subfield>
    <subfield code="9">8125</subfield>
  </datafield>
  <datafield tag="902" ind1=" " ind2=" ">
    <subfield code="a">GFM</subfield>
  </datafield>
  <datafield tag="942" ind1=" " ind2=" ">
    <subfield code="2">lcc</subfield>
    <subfield code="c">B</subfield>
  </datafield>
  <datafield tag="999" ind1=" " ind2=" ">
    <subfield code="c">2657</subfield>
    <subfield code="d">2657</subfield>
  </datafield>
  <datafield tag="952" ind1=" " ind2=" ">
    <subfield code="0">0</subfield>
    <subfield code="1">0</subfield>
    <subfield code="4">0</subfield>
    <subfield code="7">0</subfield>
    <subfield code="a">BRCA</subfield>
    <subfield code="b">BRCA</subfield>
    <subfield code="d">2008-12-12</subfield>
    <subfield code="i">B50</subfield>
    <subfield code="l">0</subfield>
    <subfield code="o">F1233.5 .P75 1935 (B50)</subfield>
    <subfield code="p">2915</subfield>
    <subfield code="r">2019-03-22 00:00:00</subfield>
    <subfield code="w">2019-03-22</subfield>
    <subfield code="y">B</subfield>
  </datafield>
</record>
